000 00792nam a2200289 a 4500
003 AR-BaBNM
005 20251128210812.0
008 082120s2002 ||||||||||||||000 | spa||
020 _a950-506-120-X
040 _cAR-BaBNM
100 1 _aFerro, Roberto
245 0 0 _aJuan Carlos Onetti
_bla vida breve
260 _aBuenos Aires
_bLibrería Hachette
_c1986
300 _a72 p.
490 0 _aBiblioteca crítica Hachette
_vv. 4
500 _aContiene referencias bibliográficas
650 4 _aLITERATURA LATINOAMERICANA
650 4 _aCRITICA LITERARIA
650 4 _aESCRITORES
650 4 _aLITERATURA CONTEMPORANEA
653 _aLITERATURA URUGUAYA
653 _aNARRATIVA
655 _aLITERATURA
800 1 _aTabakián, Eva
_edirector
942 _cBK
998 _cMARTIN
999 _c16977
_d16977